000
00287nam a22001337a 4500
003
SGT
020
_a
9789381225622
082
_a
080
_b
K14K
100
_a
KOTHARI, GULAB
245
_a
KAAM: THE INHERENT DESIRES
260
_b
PATRIKA PUBLICATIONS
_c
2014
300
_a
68
942
_2
ddc
_c
BK
999
_c
31902
_d
31902